Online
Catalog

Informe de la investigación del léxico básico de la lengua escrita en República Dominicana y diccionario de uso, frecuencia y dispersión / (Record no. 6984)

MARC details
000 -CABECERA
campo de control de longitud fija 01287nam a2200325 i 4500
001 - NÚMERO DE CONTROL
campo de control 000007203
003 - IDENTIFICADOR DEL NÚMERO DE CONTROL
campo de control DO-SdBNP
005 - FECHA Y HORA DE LA ÚLTIMA TRANSACCIÓN
campo de control 20260310111852.0
007 - CAMPO FIJO DE DESCRIPCIÓN FÍSICA--INFORMACIÓN GENERAL
campo de control de longitud fija ta
008 - DATOS DE LONGITUD FIJA--INFORMACIÓN GENERAL
campo de control de longitud fija 090907s1981 dr 000 0 spa d
040 ## - FUENTE DE LA CATALOGACIÓN
Centro catalogador/agencia de origen DO-SdBNP
Lengua de catalogación spa
Centro/agencia transcriptor BNPHU
Normas de descripción rda
041 ## - CÓDIGO DE LENGUA
Código de lengua del texto/banda sonora o título independiente spa
082 #4 - NÚMERO DE LA CLASIFICACIÓN DECIMAL DEWEY
Número de clasificación 467.0903
Número de documento/Ítem G643i
Número de edición 22
100 1# - ENTRADA PRINCIPAL--NOMBRE DE PERSONA
Nombre de persona González, Antonio
Término indicativo de función/relación autor
Código de función/relación aut.
9 (RLIN) 19988
245 10 - MENCIÓN DE TÍTULO
Título Informe de la investigación del léxico básico de la lengua escrita en República Dominicana y diccionario de uso, frecuencia y dispersión /
Mención de responsabilidad, etc. Antonio González, Santiago Cabanes, Francisco García.
246 14 - FORMA VARIANTE DE TÍTULO
Título propio/Titulo breve Léxico básico de la lengua escrita en la República Dominicana.
246 13 - FORMA VARIANTE DE TÍTULO
Título propio/Titulo breve Diccionario de uso, frecuencia y dispersión
264 ## - PRODUCCIÓN, PUBLICACIÓN, DISTRIBUCIÓN, FABRICACIÓN Y COPYRIGHT
Producción, publicación, distribución, fabricación y copyright Santo Domingo, República Domicana :
Nombre del de productor, editor, distribuidor, fabricante Universidad Nacional Pedro Henríquez Ureña,
Fecha de producción, publicación, distribución, fabricación o copyright 1981.
300 ## - DESCRIPCIÓN FÍSICA
Extensión 374 páginas ;
Dimensiones 20 cm.
336 ## - TIPO DE CONTENIDO
Término de tipo de contenido texto
Código de tipo de contenido txt
Fuente rdacontent
337 ## - TIPO DE MEDIO
Nombre/término del tipo de medio sin mediación
Código del tipo de medio n
Fuente rdamedia
338 ## - TIPO DE SOPORTE
Nombre/término del tipo de soporte volumen
Código del tipo de soporte nc
Fuente rdacarrier
590 ## - NOTA LOCAL (RLIN)
Nota local Inventariado, 2018/LP
650 #4 - PUNTO DE ACCESO ADICIONAL DE MATERIA--TÉRMINO DE MATERIA
Término de materia o nombre geográfico como elemento de entrada Español
Subdivisión general Lexicología
9 (RLIN) 19989
650 #4 - PUNTO DE ACCESO ADICIONAL DE MATERIA--TÉRMINO DE MATERIA
Término de materia o nombre geográfico como elemento de entrada Español
Subdivisión general Glosarios, vocabularios, etc.
9 (RLIN) 19990
700 1# - PUNTO DE ACCESO ADICIONAL--NOMBRE DE PERSONA
Nombre de persona Cabanes, Santiago
9 (RLIN) 19991
700 1# - PUNTO DE ACCESO ADICIONAL--NOMBRE DE PERSONA
Nombre de persona García, Francisco
9 (RLIN) 19992
910 ## - DATOS DE OPCIÓN DEL USUARIO (OCLC)
Datos de opción del usuario Validado. Control de calidad. MMOLINA
942 ## - ELEMENTOS DE PUNTO DE ACCESO ADICIONAL (KOHA)
Fuente del sistema de clasificación o colocación Dewey Decimal Classification
Tipo de ítem Koha Libro
Holdings
Estado de retiro Estado de pérdida Fuente del sistema de clasificación o colocación Restricciones de uso No para préstamo Código de colección Localización permanente Ubicación/localización actual Ubicación en estantería Fecha de adquisición Total de préstamos Signatura topográfica completa Código de barras Fecha visto por última vez Número de copia Precio válido a partir de Tipo de ítem Koha Nota pública
    Dewey Decimal Classification Préstamo en sala   Dominicana en Servicio Referencia Biblioteca Nacional Pedro Henríquez Ureña Biblioteca Nacional Pedro Henríquez Ureña Depósito 08.09.2010   BNPHU R-DS 467.0903 G643i 7203-30 25.06.2020 e.3 25.06.2020 Libro  
    Dewey Decimal Classification Excluido de préstamo   Patrimonio Dominicano Referencia Biblioteca Nacional Pedro Henríquez Ureña Biblioteca Nacional Pedro Henríquez Ureña Depósito 07.09.2009   BNPHU R-PD 467.0903 G643i 7203-10 25.06.2020   25.06.2020 Libro Perteneció a la biblioteca personal de Juan Isidro Jimenes Grullón.
    Dewey Decimal Classification Excluido de préstamo   Patrimonio Dominicano Referencia Biblioteca Nacional Pedro Henríquez Ureña Biblioteca Nacional Pedro Henríquez Ureña Depósito 16.03.2010   BNPHU R-PD 467.0903 G643i 7203-20 25.06.2020 e.2 25.06.2020 Libro  

Powered by Koha